[Event "Aeroflot Open A 2017"]
[Site "Moscow RUS"]
[Date "2017.02.24"]
[Round "4.30"]
[White "Alekseenko, Kirill"]
[Black "Debashis, Das"]
[Result "1/2-1/2"]
[WhiteTitle "GM"]
[BlackTitle "GM"]
[WhiteElo "2588"]
[BlackElo "2472"]
[WhiteFideId "4135539"]
[BlackFideId "5024854"]
[EventDate "2017.02.21"]

1. e4 c5 2. Nc3 d6 3. Nf3 Nf6 4. d4 cxd4 5. Nxd4 a6 6. h3 g6 7. g4 Bg7 8. Be3
Nc6 9. Bg2 O-O 10. O-O Bd7 11. Qd2 Rc8 12. Nde2 b5 13. Rad1 Ne5 14. b3 Bc6 15.
Nd5 Bb7 16. Rfe1 Nfd7 17. Ng3 Re8 18. Bg5 Nc6 19. Qe3 Ba8 20. Re2 Qa5 21. Bh6
Bxh6 22. Qxh6 Qxa2 23. e5 Ncxe5 24. Be4 Nf8 25. f4 Bxd5 26. Rxd5 Qa1+ 27. Kh2
Ned7 28. Nh5 Qh8 29. f5 gxh5 30. Rg2 Qf6 31. Qxh5 Qc3 32. g5 Ng6 33. fxg6 hxg6
34. Qe2 Rc5 35. Rg3 Qh8 36. Rxc5 Nxc5 37. Bc6 Rc8 38. Qxe7 Qe5 39. Qxe5 dxe5 40.
Bd5 Rc7 41. Re3 Nd7 42. Rf3 Nb6 43. Be4 a5 44. Rf6 Nd7 45. Ra6 Nc5 46. Ra8+ Kg7
47. Bd5 Rd7 48. Bg2 a4 49. Ra5 axb3 50. Rxb5 b2 51. Rxb2 Rd2 52. Kg3 e4 53. Rb1
Rxc2 54. Re1 Rc3+ 55. Kg4 Rc4 56. Re3 f5+ 57. gxf6+ Kxf6 58. h4 Ke5 59. h5 gxh5+
60. Kxh5 Rc2 61. Bxe4 1/2-1/2

[Event "Aeroflot Open A 2017"]
[Site "Moscow RUS"]
[Date "2017.02.24"]
[Round "4.31"]
[White "Karthikeyan, Murali"]
[Black "Kovalevskaya, Ekaterina"]
[Result "1-0"]
[WhiteTitle "GM"]
[BlackTitle "IM"]
[WhiteElo "2578"]
[BlackElo "2423"]
[WhiteFideId "5074452"]
[BlackFideId "4116704"]
[EventDate "2017.02.21"]

1. e4 c5 2. Nf3 Nc6 3. Bb5 g6 4. O-O Bg7 5. Nc3 e5 6. d3 Nge7 7. Bg5 h6 8. Bh4
O-O 9. Bc4 Kh7 10. Nd5 f6 11. c3 d6 12. d4 cxd4 13. cxd4 Bg4 14. dxe5 dxe5 15.
h3 Bxf3 16. Qxf3 Nd4 17. Qd1 Rc8 18. Nxe7 Qxe7 19. Qa4 a6 20. Bd3 Rfd8 21. Rfd1
Rd6 22. Bf1 Rdc6 23. Rab1 Bf8 24. Kh1 Qd8 25. b4 b5 26. Qa3 g5 27. Bg3 Rc3 28.
Qxa6 Ra8 29. Qb7+ Rc7 30. Qd5 Rd7 31. Rxd4 Rxd5 32. Rxd5 Qc8 33. Bxb5 Qc3 34.
Bd7 Rxa2 35. Bf5+ Kh8 36. Rd8 Ra1 37. Rxa1 Qxa1+ 38. Kh2 Kg7 39. Rd7+ Kh8 40.
Rf7 Bxb4 41. Rxf6 Bd2 42. Rxh6+ Kg7 43. Rg6+ Kf7 44. Re6 Bf4 45. Bxf4 exf4 46.
Rg6 Qe1 47. Rxg5 Qxf2 48. e5 f3 49. Be4 Qe3 50. Bd5+ Ke7 51. Rg7+ Kf8 52. Rg8+
Ke7 53. Bxf3 Qf4+ 54. Rg3 Ke6 55. Bg4+ Kxe5 56. h4 Kf6 57. Kh3 Qc1 58. Rf3+ Kg7
59. Bf5 Qh1+ 60. Kg3 Qe1+ 61. Kg4 Qe2 62. Kh3 Qe1 63. Rf4 Qh1+ 64. Kg3 Qc1 65.
Rg4+ Kf6 66. Be4 Qh1 67. Bf3 Qe1+ 68. Kh2 Kf5 69. h5 Qe5+ 70. Kh3 Qe1 71. Re4
Qa1 72. Kh2 Kg5 73. Re6 Kf5 74. Rg6 Qe5+ 75. g3 Qb2+ 76. Kh3 Qc1 77. Bg4+ Ke5
78. Re6+ Kd5 79. Bf5 Qd1 80. Kh4 Qd4+ 81. g4 Qg7 82. h6 Qf7 83. h7 Qg7 84. Re8
Qh6+ 85. Kg3 Qd6+ 86. Kg2 1-0

[Event "Aeroflot Open A 2017"]
[Site "Moscow RUS"]
[Date "2017.02.24"]
[Round "4.34"]
[White "Saric, Ivan"]
[Black "Petrosyan, Manuel"]
[Result "1/2-1/2"]
[WhiteTitle "GM"]
[BlackTitle "IM"]
[WhiteElo "2648"]
[BlackElo "2549"]
[WhiteFideId "14508150"]
[BlackFideId "13300857"]
[EventDate "2017.02.21"]

1. e4 e5 2. Nf3 Nc6 3. Bb5 Nf6 4. d3 Bc5 5. Nc3 Nd4 6. Nxe5 O-O 7. Bc4 c6 8. O-O
d6 9. Nxf7 Rxf7 10. Bxf7+ Kxf7 11. Na4 Bg4 12. Qd2 Ne2+ 13. Kh1 Nxc1 14. Nxc5
dxc5 15. Qxc1 Qd4 16. Qf4 Kg8 17. Qg3 Rf8 18. c3 Qd7 19. Qe3 b6 20. f3 Bh5 21.
a4 Rd8 22. Rfd1 c4 23. d4 Bf7 24. a5 b5 25. a6 Re8 26. Qg5 Qc7 27. Rf1 h6 28.
Qh4 Nh5 29. g3 Qc8 30. g4 g5 31. Qf2 Nf4 32. Qd2 Bg6 33. Rfe1 Rf8 34. Re3 Re8
35. h4 Bf7 36. h5 Rd8 37. Qc2 Re8 38. Qd2 Rd8 39. Qc2 Re8 1/2-1/2

[Event "Aeroflot Open A 2017"]
[Site "Moscow RUS"]
[Date "2017.02.24"]
[Round "4.35"]
[White "Rozum, Ivan"]
[Black "Kotronias, Vasilios"]
[Result "1/2-1/2"]
[WhiteTitle "GM"]
[BlackTitle "GM"]
[WhiteElo "2601"]
[BlackElo "2524"]
[WhiteFideId "24104272"]
[BlackFideId "5900212"]
[EventDate "2017.02.21"]

1. d4 Nf6 2. g3 c5 3. d5 b5 4. a4 b4 5. c4 bxc3 6. Nxc3 d6 7. Nf3 g6 8. Bg2 Bg7
9. O-O O-O 10. e4 Nbd7 11. h3 Ba6 12. Re1 Rb8 13. Bf1 Bxf1 14. Kxf1 Rb4 15. Qc2
Qb6 16. Kg2 Qa6 17. Na2 Rbb8 18. Rb1 c4 19. Be3 Rfc8 20. Rec1 Qb7 21. Nc3 Nc5
22. Rd1 Nfd7 23. Nb5 Qa6 24. Nbd4 Kf8 25. Nc6 Rb7 26. Nd2 Qxa4 27. Qxa4 Nxa4 28.
Nxc4 Nb8 29. N4a5 Rxb2 30. Bxa7 Nxc6 31. Nxc6 Rxb1 32. Rxb1 Nc3 33. Rb4 f5 34.
f3 fxe4 35. fxe4 e6 36. Bb8 exd5 37. Bxd6+ Ke8 38. Na7 Rd8 39. e5 Ne4 40. Rb7
Rd7 41. Rb8+ Kf7 42. Nb5 Nxd6 43. exd6 Be5 44. Rb6 Ke6 1/2-1/2

[Event "Aeroflot Open A 2017"]
[Site "Moscow RUS"]
[Date "2017.02.24"]
[Round "4.39"]
[White "Ghaem Maghami, Ehsan"]
[Black "Tabatabaei, M.amin"]
[Result "1/2-1/2"]
[WhiteTitle "GM"]
[BlackTitle "IM"]
[WhiteElo "2566"]
[BlackElo "2507"]
[WhiteFideId "12500739"]
[BlackFideId "12521213"]
[EventDate "2017.02.21"]

1. c4 e6 2. Nf3 Nf6 3. Nc3 d5 4. d4 c6 5. e3 Nbd7 6. Qc2 Bd6 7. b3 O-O 8. Be2 e5
9. cxd5 Nxd5 10. Nxd5 cxd5 11. dxe5 Nxe5 12. Bb2 Bb4+ 13. Kf1 Nxf3 14. Bxf3 Be6
15. Qd3 Be7 16. h4 Bf6 17. Bd4 Rc8 18. g3 Bxd4 19. Qxd4 Qa5 20. Kg2 Rc2 21. Rhc1
Rfc8 22. Rxc2 Rxc2 23. b4 Qa3 24. Bxd5 Bxd5+ 25. Qxd5 h6 26. Qxb7 Qxe3 27. Qc8+
Rxc8 28. fxe3 Rc3 29. Kf3 Ra3 30. h5 Kf8 31. Ke4 Ke7 32. Kd4 f6 33. g4 Kd6 34.
Ke4 Ke6 35. Rc1 Rxa2 36. Rc7 Ra4 37. Kf3 f5 38. Rxg7 Rxb4 39. gxf5+ Kxf5 40.
Rxa7 Kg5 41. Ra5+ Kh4 42. Rf5 Rg4 43. e4 Rg5 44. Kf4 Kxh5 45. Rf6 Rg1 46. Kf5
Rf1+ 47. Ke6 Re1 48. e5 Kg5 49. Rf5+ Kg6 50. Rf2 h5 51. Rg2+ Kh6 52. Kf6 Rf1+
53. Ke7 Re1 54. e6 h4 55. Kf7 Kh5 56. e7 h3 57. Rg8 Kh4 58. e8=Q Rxe8 59. Rxe8
h2 60. Rg8 1/2-1/2

[Event "Aeroflot Open A 2017"]
[Site "Moscow RUS"]
[Date "2017.02.24"]
[Round "4.41"]
[White "Vakhidov, Jahongir"]
[Black "Golubov, Saveliy"]
[Result "1/2-1/2"]
[WhiteTitle "GM"]
[BlackTitle "IM"]
[WhiteElo "2561"]
[BlackElo "2492"]
[WhiteFideId "14201801"]
[BlackFideId "24176729"]
[EventDate "2017.02.21"]

1. Nf3 d5 2. d4 Nc6 3. g3 Bg4 4. Bg2 Qd7 5. O-O O-O-O 6. c3 f6 7. b4 Bh3 8. Nbd2
Bxg2 9. Kxg2 e5 10. b5 e4 11. bxc6 exf3+ 12. Nxf3 Qxc6 13. Qd3 Kb8 14. Bd2 Ne7
15. Rfc1 Nc8 16. c4 Qa6 17. h4 Ba3 18. Rc2 dxc4 19. Qxc4 Qxc4 20. Rxc4 Rhe8 21.
e3 Rd5 22. Rb1 Nb6 23. Rc2 Bd6 24. Bb4 Bxb4 25. Rxb4 Nd7 26. Rbc4 c6 27. Ne1 Nb6
28. Rb4 Ra5 29. Nd3 Nd5 30. Rbb2 Ra3 31. Rd2 a5 32. Kf3 Kc7 33. Rb3 Rxb3 34.
axb3 b6 35. g4 Kd6 36. Rd1 Nc3 37. Rc1 Nd5 38. e4 Nc7 39. e5+ fxe5 40. dxe5+ Kd5
41. Ke3 c5 42. f4 Nb5 43. Rd1 Nd4 44. Nc1 h6 45. h5 Kc6 46. Rd3 Kb5 47. Na2 Kc6
48. Nc3 Rf8 49. f5 b5 50. Ne4 a4 51. bxa4 bxa4 52. Nxc5 Kxc5 53. Rxd4 Ra8 54. f6
gxf6 55. exf6 Rf8 56. Rxa4 Rxf6 57. Rd4 Re6+ 58. Kd3 Rd6 1/2-1/2

[Event "Aeroflot Open A 2017"]
[Site "Moscow RUS"]
[Date "2017.02.24"]
[Round "4.42"]
[White "Karavade, Eesha"]
[Black "Huzman, Alexander"]
[Result "1/2-1/2"]
[WhiteTitle "IM"]
[BlackTitle "GM"]
[WhiteElo "2418"]
[BlackElo "2552"]
[WhiteFideId "5012600"]
[BlackFideId "2803828"]
[EventDate "2017.02.21"]

1. e4 e6 2. d4 d5 3. Bd3 dxe4 4. Bxe4 Nf6 5. Bf3 Nbd7 6. Nc3 Bd6 7. Nge2 e5 8.
Bg5 h6 9. Bxf6 Nxf6 10. dxe5 Bxe5 11. Qxd8+ Kxd8 12. O-O-O+ Ke7 13. Nd5+ Nxd5
14. Rxd5 Kf6 15. Ng3 Re8 16. Kb1 Bxg3 1/2-1/2

[Event "Aeroflot Open A 2017"]
[Site "Moscow RUS"]
[Date "2017.02.24"]
[Round "4.43"]
[White "Abdusattorov, Nodirbek"]
[Black "Blomqvist, Erik"]
[Result "1/2-1/2"]
[WhiteTitle "FM"]
[BlackTitle "GM"]
[WhiteElo "2429"]
[BlackElo "2573"]
[WhiteFideId "14204118"]
[BlackFideId "1709437"]
[EventDate "2017.02.21"]

1. e4 e5 2. Nf3 Nc6 3. Bb5 a6 4. Ba4 Nf6 5. O-O Be7 6. Re1 b5 7. Bb3 d6 8. c3
O-O 9. h3 Bb7 10. d4 Re8 11. Nbd2 Bf8 12. a3 h6 13. Bc2 Nb8 14. a4 Nbd7 15. dxe5
dxe5 16. Qe2 c6 17. b3 Qc7 18. Bb2 Rad8 19. c4 Qb6 20. axb5 axb5 21. cxb5 cxb5
22. Bd3 Bc6 23. Bc3 Rc8 24. b4 Nh5 25. Qe3 Nf4 26. Bf1 f6 27. g3 Ne6 28. Qxb6
Nxb6 29. Ra6 Na4 30. Bxe5 fxe5 31. Rxc6 Rxc6 32. Bxb5 Rec8 33. Bxa4 Rb6 34. Nxe5
Nd4 35. b5 Ra8 36. Ra1 Kh8 37. Kg2 g5 38. Nd7 Rb7 39. Nxf8 Rxf8 40. Nc4 Nxb5 41.
Bxb5 Rxb5 42. Nd6 Re5 43. f3 Rc5 44. g4 Rc2+ 45. Kg3 Rb8 46. h4 Rb6 47. Ra8+ Kh7
48. Ra7+ Kg8 49. Nf5 Kh8 50. Ra8+ Kh7 51. Ne3 Re2 52. Ra3 Rb1 53. hxg5 hxg5 54.
f4 Rg1+ 55. Kf3 Rxe3+ 56. Rxe3 Rf1+ 57. Kg3 Rxf4 58. e5 Kg6 59. Rd3 Re4 60. Rd6+
Kf7 61. Rf6+ Kg7 62. Rf5 Kg6 63. Rf6+ Kg7 64. Rf5 Kg6 1/2-1/2

[Event "Aeroflot Open A 2017"]
[Site "Moscow RUS"]
[Date "2017.02.24"]
[Round "4.45"]
[White "Morovic Fernandez, Ivan"]
[Black "Paravyan, David"]
[Result "1/2-1/2"]
[WhiteTitle "GM"]
[BlackTitle "IM"]
[WhiteElo "2550"]
[BlackElo "2525"]
[WhiteFideId "3405400"]
[BlackFideId "4194985"]
[EventDate "2017.02.21"]

1. e4 e5 2. Nf3 Nf6 3. Nxe5 d6 4. Nf3 Nxe4 5. d4 d5 6. Bd3 Bd6 7. O-O O-O 8. c4
c6 9. Re1 Bf5 10. Qb3 Na6 11. cxd5 cxd5 12. Nc3 Nb4 13. Bb1 Qd7 14. Nxd5 Nxd5
15. Bxe4 Bxe4 16. Rxe4 Rfe8 17. Rxe8+ Rxe8 18. Bd2 b6 19. g3 Nf6 20. Bg5 Ne4 21.
Re1 h6 22. Bc1 Qf5 23. Kg2 Re7 24. Re2 g5 25. Ne5 Bxe5 26. Qd5 Nf6 27. Rxe5 Qc8
28. Qf3 Rxe5 29. dxe5 Ng4 30. Be3 Nxe5 31. Qd5 Qc6 32. Qxc6 Nxc6 33. Kf3 f5 34.
h4 Ne5+ 35. Ke2 gxh4 36. gxh4 h5 37. Bf4 Ng6 38. Bg5 Kf7 39. Kd3 Ke6 40. Kd4 Ne5
41. b3 Nc6+ 42. Kc4 a6 43. Be3 Ne5+ 44. Kb4 Nf3 45. Bxb6 Nxh4 46. Kc3 Ng6 47.
Kd2 h4 48. Ke1 Ne5 49. Kf1 h3 50. Kg1 Nf3+ 51. Kh1 Kd5 52. a4 Ke4 53. b4 Kd5 54.
Bd8 Kc4 55. Be7 Ne5 56. b5 axb5 57. axb5 Kxb5 58. Kh2 Ng4+ 59. Kxh3 Nxf2+ 1/2-1/2

[Event "Aeroflot Open A 2017"]
[Site "Moscow RUS"]
[Date "2017.02.24"]
[Round "4.46"]
[White "Sarana, Alexey"]
[Black "Schroeder, Jan-Christian"]
[Result "1/2-1/2"]
[WhiteTitle "IM"]
[BlackTitle "GM"]
[WhiteElo "2468"]
[BlackElo "2543"]
[WhiteFideId "24133795"]
[BlackFideId "24662259"]
[EventDate "2017.02.21"]

1. d4 Nf6 2. c4 e6 3. Nf3 d5 4. Nc3 c5 5. cxd5 Nxd5 6. e4 Nxc3 7. bxc3 cxd4 8.
cxd4 Bb4+ 9. Bd2 Bxd2+ 10. Qxd2 O-O 11. Bc4 Nd7 12. O-O b6 13. Rfe1 Bb7 14. Rad1
Rc8 15. Bb3 Re8 16. Qe3 Nf6 17. Nd2 Qe7 18. f3 Qb4 19. Nf1 Red8 20. Qd2 Qxd2 21.
Rxd2 b5 22. Ne3 a5 23. Rb1 Rc3 24. Nd1 Rc7 25. Ne3 b4 26. Bc4 Rdc8 27. Rc1 Kf8
28. Rdc2 Ke7 1/2-1/2

[Event "Aeroflot Open A 2017"]
[Site "Moscow RUS"]
[Date "2017.02.24"]
[Round "4.47"]
[White "Olafsson, Helgi"]
[Black "Pavlovic, Milos"]
[Result "1/2-1/2"]
[WhiteTitle "GM"]
[BlackTitle "GM"]
[WhiteElo "2540"]
[BlackElo "2512"]
[WhiteFideId "2300010"]
[BlackFideId "900389"]
[EventDate "2017.02.21"]

1. Nf3 d5 2. d4 e6 3. g3 Nf6 4. Bg2 Be7 5. O-O O-O 6. c4 dxc4 7. Ne5 Nc6 8. Nxc6
bxc6 9. Na3 Bxa3 10. bxa3 Ba6 11. Qd2 Rb8 12. Qa5 Qc8 13. a4 Rd8 14. Qc5 Nd7 15.
Qa3 Nb6 16. Bg5 Rxd4 17. Be3 Rd8 18. a5 Nd5 19. Bxa7 Rb7 20. Bc5 e5 21. Rfd1 Rb8
22. Rd2 1/2-1/2

[Event "Aeroflot Open A 2017"]
[Site "Moscow RUS"]
[Date "2017.02.25"]
[Round "5.3"]
[White "Matlakov, Maxim"]
[Black "Lysyj, Igor"]
[Result "1/2-1/2"]
[WhiteTitle "GM"]
[BlackTitle "GM"]
[WhiteElo "2701"]
[BlackElo "2643"]
[WhiteFideId "4168003"]
[BlackFideId "4150120"]
[EventDate "2017.02.21"]

1. c4 Nf6 2. Nc3 c5 3. Nf3 e6 4. e3 Nc6 5. b3 b6 6. Bb2 Bb7 7. Be2 Be7 8. O-O
O-O 9. d4 cxd4 10. Nxd4 Qc7 11. Rc1 Rac8 12. Nf3 Qb8 13. Bd3 Rfd8 14. Ne4 Ng4
15. h3 Nge5 16. Nxe5 Nxe5 17. Bb1 Ng6 18. Qd4 e5 19. Qd3 d5 20. cxd5 Bxd5 21.
Qe2 1/2-1/2

[Event "Aeroflot Open A 2017"]
[Site "Moscow RUS"]
[Date "2017.02.25"]
[Round "5.5"]
[White "Khismatullin, Denis"]
[Black "Smirin, Ilia"]
[Result "1/2-1/2"]
[WhiteTitle "GM"]
[BlackTitle "GM"]
[WhiteElo "2639"]
[BlackElo "2670"]
[WhiteFideId "4142578"]
[BlackFideId "2801990"]
[EventDate "2017.02.21"]

1. d4 Nf6 2. c4 c5 3. Nf3 cxd4 4. Nxd4 e6 5. g3 a6 6. Bg2 Qc7 7. Nc3 Qxc4 8. Bf4
Nc6 9. Nb3 d5 10. Rc1 Qb4 11. O-O Be7 12. e4 dxe4 13. Bc7 Nd5 14. a3 Nxc3 15.
Rxc3 Qb5 16. Bxe4 O-O 17. Re1 a5 18. Qc2 Qh5 19. Bf3 Qh3 20. Bg2 Qh5 21. Bf3 Qh3
22. Bg2 Qh5 23. Rc4 1/2-1/2

[Event "Aeroflot Open A 2017"]
[Site "Moscow RUS"]
[Date "2017.02.25"]
[Round "5.10"]
[White "Oparin, Grigoriy"]
[Black "Sasikiran, Krishnan"]
[Result "1/2-1/2"]
[WhiteTitle "GM"]
[BlackTitle "GM"]
[WhiteElo "2625"]
[BlackElo "2674"]
[WhiteFideId "24125890"]
[BlackFideId "5004985"]
[EventDate "2017.02.21"]

1. e4 c5 2. Nf3 d6 3. d4 cxd4 4. Nxd4 Nf6 5. Nc3 a6 6. h3 e5 7. Nde2 h5 8. Bg5
Be6 9. Bxf6 Qxf6 10. Nd5 Qd8 11. Qd3 Nd7 12. O-O-O g6 13. Nec3 b5 14. a3 Rb8 15.
h4 Nc5 16. Qe2 Bd7 17. g3 a5 18. Bh3 Bc6 19. b4 Ne6 20. Qd3 Nd4 21. f4 Ra8 22.
Rhf1 Bh6 23. Kb2 O-O 24. f5 Ra7 25. Ra1 Kh7 26. g4 Qxh4 27. fxg6+ fxg6 28. Rxf8
Bxf8 29. gxh5 gxh5 30. Rh1 Qg5 31. Qd1 axb4 32. Nxb4 Be8 33. Nbd5 Bh6 34. Rg1
Qh4 35. Qf1 Rf7 36. Bf5+ Nxf5 37. exf5 Rg7 38. Rh1 Qd4 39. f6 Rb7 40. Qf5+ Bg6
41. Qc8 Rf7 42. Ne7 Rxe7 43. fxe7 b4 44. axb4 Qxb4+ 45. Ka1 Bg7 46. Na2 Qa4 47.
c3 Bf7 48. Qf5+ Kg8 49. Qc8+ Kh7 50. Qf5+ 1/2-1/2

[Event "Aeroflot Open A 2017"]
[Site "Moscow RUS"]
[Date "2017.02.25"]
[Round "5.11"]
[White "Motylev, Alexander"]
[Black "Karthikeyan, Murali"]
[Result "1/2-1/2"]
[WhiteTitle "GM"]
[BlackTitle "GM"]
[WhiteElo "2663"]
[BlackElo "2578"]
[WhiteFideId "4121830"]
[BlackFideId "5074452"]
[EventDate "2017.02.21"]

1. e4 e5 2. Nf3 Nc6 3. Bb5 a6 4. Ba4 Nf6 5. O-O Be7 6. Re1 b5 7. Bb3 d6 8. c3
O-O 9. h3 Nb8 10. d4 Nbd7 11. Nbd2 Bb7 12. Bc2 Re8 13. Nf1 Bf8 14. Ng3 exd4 15.
cxd4 c5 16. d5 g6 17. Bg5 Bg7 18. Qd2 Ne5 19. Nh2 Nc4 20. Qc1 Qa5 21. Bh6 Qxe1+
22. Qxe1 Bxh6 23. b3 Na3 24. Bd3 c4 25. bxc4 bxc4 26. Bxc4 Nxc4 27. Qb4 Bxd5 28.
exd5 Rac8 29. Qb7 a5 30. Ng4 Nxg4 31. hxg4 Bf4 32. Ne4 Kg7 33. Rb1 Rcd8 34. f3
h6 35. Qb3 Rc8 36. a4 Rc7 37. Qc3+ Be5 38. Qd3 Rec8 39. Qe2 Na3 40. Rd1 Nc2 41.
Qd2 1/2-1/2

[Event "Aeroflot Open A 2017"]
[Site "Moscow RUS"]
[Date "2017.02.25"]
[Round "5.12"]
[White "Artemiev, Vladislav"]
[Black "Antipov, Mikhail Al."]
[Result "1/2-1/2"]
[WhiteTitle "GM"]
[BlackTitle "GM"]
[WhiteElo "2655"]
[BlackElo "2582"]
[WhiteFideId "24101605"]
[BlackFideId "4107012"]
[EventDate "2017.02.21"]

1. d4 Nf6 2. Bg5 e6 3. Nd2 h6 4. Bh4 c5 5. e3 Be7 6. Ngf3 O-O 7. Bd3 cxd4 8.
exd4 Nd5 9. Bxe7 Qxe7 10. g3 b6 11. O-O Bb7 12. Re1 Nf6 13. a4 Nc6 14. c3 d6 15.
Ne4 Rac8 16. Nxf6+ Qxf6 17. Nd2 Qd8 18. Qh5 Ne7 19. a5 Nd5 20. axb6 axb6 21. Ra7
Rc7 22. Rea1 Bc6 23. Ne4 Rxa7 24. Rxa7 Qb8 25. Ra1 Qc7 26. Qd1 Ne7 27. Qb3 Ra8
28. Rxa8+ Bxa8 29. Qa3 Bxe4 30. Bxe4 g5 31. Kf1 Kg7 32. Ke2 d5 33. Bd3 e5 34.
dxe5 Qxe5+ 35. Kd1 d4 36. Qb4 dxc3 37. Qxc3 Qxc3 38. bxc3 Kf6 39. Bc4 Nf5 40.
Ke2 Nd6 41. Bd3 Ke5 42. Ke3 g4 43. f4+ gxf3 44. Kxf3 f5 45. Ke3 Ne8 46. Be2 Nd6
47. Bf3 Nc4+ 48. Kd3 Nd6 49. Bc6 Nc8 50. Ke3 Nd6 1/2-1/2

[Event "Aeroflot Open A 2017"]
[Site "Moscow RUS"]
[Date "2017.02.25"]
[Round "5.13"]
[White "Berkes, Ferenc"]
[Black "Bok, Benjamin"]
[Result "1/2-1/2"]
[WhiteTitle "GM"]
[BlackTitle "GM"]
[WhiteElo "2648"]
[BlackElo "2596"]
[WhiteFideId "718572"]
[BlackFideId "1017063"]
[EventDate "2017.02.21"]

1. d4 Nf6 2. Bg5 d5 3. e3 c5 4. Nd2 cxd4 5. exd4 Qb6 6. Ngf3 Nc6 7. Nb3 Ne4 8.
Be3 Bg4 9. Be2 e6 10. O-O Bd6 11. h3 Bh5 12. c4 Qc7 13. Nc5 Nf6 14. Rc1 dxc4 15.
Rxc4 O-O 16. a3 Nd5 17. b4 Bxc5 18. Rxc5 Qd6 19. Ng5 Bxe2 20. Qxe2 Nce7 21. Rfc1
Nf5 22. Nf3 Rfd8 1/2-1/2

[Event "Aeroflot Open A 2017"]
[Site "Moscow RUS"]
[Date "2017.02.25"]
[Round "5.15"]
[White "Tari, Aryan"]
[Black "Bluebaum, Matthias"]
[Result "1/2-1/2"]
[WhiteTitle "GM"]
[BlackTitle "GM"]
[WhiteElo "2596"]
[BlackElo "2632"]
[WhiteFideId "1510045"]
[BlackFideId "24651516"]
[EventDate "2017.02.21"]

1. e4 e6 2. d4 d5 3. Nc3 Nf6 4. e5 Nfd7 5. f4 c5 6. Nf3 Nc6 7. Be3 Be7 8. Qd2 a6
9. a3 O-O 10. dxc5 Nxc5 11. Qf2 b6 12. b4 f6 13. bxc5 bxc5 14. Bxc5 Qa5 15. Bd4
fxe5 16. Nxe5 Nxd4 17. Qxd4 Rxf4 18. Nc6 Bc5 19. Qe5 Bd6 20. Qxg7+ Kxg7 21. Nxa5
Be5 22. Kd2 Rf2+ 23. Kd3 Bf4 24. Ne2 Bg5 25. Ng3 Bd7 26. Be2 1/2-1/2

[Event "Aeroflot Open A 2017"]
[Site "Moscow RUS"]
[Date "2017.02.25"]
[Round "5.16"]
[White "Lomasov, Semen"]
[Black "Goganov, Aleksey"]
[Result "1/2-1/2"]
[WhiteTitle "IM"]
[BlackTitle "GM"]
[WhiteElo "2450"]
[BlackElo "2632"]
[WhiteFideId "24164879"]
[BlackFideId "24109959"]
[EventDate "2017.02.21"]

1. e4 e5 2. Nc3 Nf6 3. Bc4 Nxe4 4. Qh5 Nd6 5. Bb3 Be7 6. Qxe5 O-O 7. d3 c6 8. d4
b5 9. Nf3 a5 10. a3 Ba6 11. O-O Nc8 12. Ne4 d5 13. Ng3 Nd7 14. Qf4 Bd6 15. Qg4
Nf6 16. Qh4 Ne7 17. Nh5 Nxh5 18. Qxh5 g6 19. Qh4 a4 20. Ba2 f6 21. c3 Nf5 22.
Qg4 Bc8 23. Qe4 Ra7 24. Qd3 Re7 25. Re1 Rxe1+ 26. Nxe1 Re8 27. Bd2 Qc7 28. g3
Ng7 29. Ng2 Bf5 30. Qf1 Bh3 1/2-1/2

[Event "Aeroflot Open A 2017"]
[Site "Moscow RUS"]
[Date "2017.02.25"]
[Round "5.17"]
[White "Kobalia, Mikhail"]
[Black "Gordievsky, Dmitry"]
[Result "1/2-1/2"]
[WhiteTitle "GM"]
[BlackTitle "IM"]
[WhiteElo "2628"]
[BlackElo "2564"]
[WhiteFideId "4119150"]
[BlackFideId "24112798"]
[EventDate "2017.02.21"]

1. e4 c5 2. Nf3 d6 3. d4 cxd4 4. Nxd4 Nf6 5. f3 e5 6. Nb3 Be7 7. c4 a5 8. Be3
Be6 9. Nc3 a4 10. Nd2 Qa5 11. Be2 Nc6 12. Nb5 O-O 13. O-O Bd8 14. Kh1 Bb6 15.
Bg5 Nh5 16. Nb1 Bc5 17. N1c3 a3 18. b3 h6 19. Bd2 Qd8 20. Nd5 Bxd5 21. cxd5 Nd4
22. Nxd4 Bxd4 23. Rc1 Qb6 24. Rc4 Rfc8 25. g3 Rxc4 26. Bxc4 Nf6 27. Qe2 Bb2 28.
Be3 Qb4 29. Qd2 Qxd2 30. Bxd2 Kf8 31. Bb4 Ke7 32. Rf2 Nd7 33. Rc2 Nc5 34. Bb5 b6
35. Kg2 Ra7 36. Bc4 Rb7 37. Bb5 Ra7 1/2-1/2

[Event "Aeroflot Open A 2017"]
[Site "Moscow RUS"]
[Date "2017.02.25"]
[Round "5.18"]
[White "Movsesian, Sergei"]
[Black "Indjic, Aleksandar"]
[Result "1-0"]
[WhiteTitle "GM"]
[BlackTitle "GM"]
[WhiteElo "2679"]
[BlackElo "2560"]
[WhiteFideId "310204"]
[BlackFideId "911925"]
[EventDate "2017.02.21"]

1. e4 e5 2. Nf3 Nc6 3. Bc4 Nf6 4. d3 h6 5. O-O d6 6. h3 g6 7. Bd2 g5 8. Nh2 d5
9. exd5 Nxd5 10. Qf3 Be6 11. Nc3 Nd4 12. Qe4 Nf6 13. Qxb7 Rb8 14. Qa6 Rb6 15.
Qxa7 Bd7 16. Nd5 Nxd5 17. Bxd5 Rb5 18. Bc4 Bc5 19. Qa6 Rxb2 20. Rae1 Bd6 21. Ng4
Bxg4 22. hxg4 Rxc2 23. Qa4+ Kf8 24. Be3 Rb2 25. Bxd4 exd4 26. g3 h5 27. gxh5
Rxh5 28. Qd1 Rh6 29. Qg4 Qf6 30. Rb1 Rb6 31. Rxb6 cxb6 32. Re1 Rh8 33. Bd5 Kg7
34. a4 Bc5 35. Rc1 Rd8 36. Be4 Bb4 37. Rc6 Rd6 38. Rc7 Be1 39. Qe2 Bb4 40. Qh5
Be1 41. Qe2 Bb4 42. Kf1 Qd8 43. Ra7 Rh6 44. Qg4 Qf6 45. Kg1 Rh8 46. Rc7 Rd8 47.
Kf1 Be7 48. Kg2 Qe5 49. Rb7 Qf6 50. Bf3 Bc5 51. Qe4 Qg6 52. Qe5+ Qf6 53. Qe2 Qf5
54. Be4 Qf6 55. Qc2 Qd6 56. Qc1 Kf6 57. Qh1 Rd7 58. Qh6+ Ke7 59. Qxg5+ Ke8 60.
Qg8+ Ke7 61. Rb8 Rd8 62. Qg5+ Ke8 63. Rxd8+ Qxd8 64. Bc6+ 1-0

[Event "Aeroflot Open A 2017"]
[Site "Moscow RUS"]
[Date "2017.02.25"]
[Round "5.22"]
[White "Vidit, Santosh Gujrathi"]
[Black "Sandipan, Chanda"]
[Result "1-0"]
[WhiteTitle "GM"]
[BlackTitle "GM"]
[WhiteElo "2673"]
[BlackElo "2573"]
[WhiteFideId "5029465"]
[BlackFideId "5004225"]
[EventDate "2017.02.21"]

1. Nf3 f5 2. g3 g6 3. Bg2 Bg7 4. d4 Nf6 5. b3 O-O 6. Bb2 d6 7. O-O Ne4 8. Nbd2
Nc6 9. Ne1 Nxd2 10. Qxd2 e5 11. Bd5+ Kh8 12. Bxc6 bxc6 13. dxe5 dxe5 14. Rd1
Qxd2 15. Rxd2 e4 16. Bxg7+ Kxg7 17. f3 Re8 18. Ng2 g5 19. h4 h6 20. fxe4 Rxe4
21. hxg5 hxg5 22. Rf3 Be6 23. Rc3 Bd5 24. Ne3 Be6 25. Nf1 Bd5 26. Rc5 Re7 27. c4
Be4 28. g4 f4 29. Rxg5+ Kf6 30. Rh5 a5 31. Kf2 a4 32. Rd4 axb3 33. axb3 Rae8 34.
Rc5 Rh8 35. b4 Rh4 36. Rxe4 Rxe4 37. Rxc6+ Ke7 38. Rxc7+ Kd6 39. Rc8 Rh3 40. b5
Kd7 41. Rc5 Rd4 42. g5 Rd1 43. Kg2 Rh8 44. Nh2 Rd2 45. Ng4 Rxe2+ 46. Kf3 Re1 47.
g6 Rf1+ 48. Ke2 Ra1 49. Kf3 Rf1+ 50. Ke2 Ra1 51. g7 Rh3 52. Rd5+ Kc7 53. g8=Q
Ra2+ 54. Rd2 f3+ 55. Ke1 1-0